2022 World Cup Group Stage - Statistics

General Stats
  • This quiz has been taken 135 times
    105 since last reset
  • The average score is 28 of 32
Answer Stats
Hint Answer % Correct
Group A Netherlands
99%
Group A Qatar
95%
Group C Argentina
94%
Group H Portugal
94%
Group B England
93%
Group D France
93%
Group E Germany
93%
Group G Brazil
92%
Group E Japan
92%
Group D Peru/Australia/UAE
92%
Group C Saudi Arabia
92%
Group E Spain
92%
Group B USA
92%
Group C Mexico
91%
Group A Senegal
91%
Group A Ecuador
89%
Group F Morocco
89%
Group F Belgium
87%
Group F Croatia
87%
Group H Ghana
87%
Group B Iran
87%
Group H South Korea
87%
Group C Poland
86%
Group B Wales
86%
Group E Costa Rica/New Zealand
85%
Group D Denmark
85%
Group G Switzerland
84%
Group H Uruguay
84%
Group F Canada
82%
Group G Serbia
78%
Group G Cameroon
77%
Group D Tunisia
75%
No matching quizzes found
Score Distribution
Percent of People with Each Score
Percentile by Number Answered
Your Score History
You have not taken this quiz since the last reset